Welcome to the Holygrace Academy Library

Please use search bar below to get started

ABDULKALAM (Record no. 5525)

MARC details
000 -LEADER
fixed length control field 00244nam a22001217a 4500
082 ## - DEWEY DECIMAL CLASSIFICATION NUMBER
Classification number 920
Item number QUR/T
100 ## - MAIN ENTRY--AUTHOR NAME
Personal name QURASHI FARUQE
245 ## - TITLE STATEMENT
Title ABDULKALAM
260 ## - PUBLICATION, DISTRIBUTION, ETC. (IMPRINT)
Place of publication DELHI
Name of publisher VIJAY GOEL
300 ## - PHYSICAL DESCRIPTION
Number of Pages 152
650 ## - SUBJECT ADDED ENTRY--TOPICAL TERM
Topical Term BIOGRAPHY
Geographic subdivision DELHI
942 ## - ADDED ENTRY ELEMENTS (KOHA)
Koha item type Books
Holdings
Withdrawn status Lost status Collection code Home library Current library Shelving location Date acquired Source of acquisition Full call number Accession Number Koha item type
    Reference Main Library Main Library SHELF-17-I-BIOGRAPHIES & AUTOBIOGRAPHIES 08/03/2012 PURCHASE 920 QUR/T 03882 Books